Vzťahový marketing ako nástroj konkurencieschopnosti podnikov v kontexte "moderného marketingu"

Základná charakteristika transakčného a vzťahového chápania marketingu. Interpretácia vzťahového marketingu. Organizácia podniku a vzťahový marketing. Predpoklady rozvoja vzťahového marketingu.

Salvato in:
Dettagli Bibliografici
Autore principale: Francová, Zuzana, 1971-
Natura: Capitolo di libro
Lingua:slovacco
Soggetti:
Tags: Aggiungi Tag
Nessun Tag, puoi essere il primo ad aggiungerne!!

MARC

LEADER 00000naa$a2200000$$$4500
001 0068512
005 20240611110317.1
041 0 |a slo 
044 |a SK 
245 1 0 |a Vzťahový marketing ako nástroj konkurencieschopnosti podnikov v kontexte "moderného marketingu"  |c Zuzana Francová 
520 |a Základná charakteristika transakčného a vzťahového chápania marketingu. Interpretácia vzťahového marketingu. Organizácia podniku a vzťahový marketing. Predpoklady rozvoja vzťahového marketingu. 
610 2 0 |a marketing 
610 2 0 |a organizácia podniku 
610 2 0 |a náklady transakčné 
610 2 0 |a zákazníci 
100 1 |a Francová, Zuzana, 1971-